| 000 | 00498nam a22001577a 4500 | ||
|---|---|---|---|
| 008 | 161011b xxu||||| |||| 00| 0 eng d | ||
| 020 | _a0333576438 | ||
| 050 | _aHF 5415.13 .B27 2000 | ||
| 100 |
_aBaker, Michael J. _d2000 |
||
| 245 |
_aMarketing Strategy and Management/ _cMichael J. Baker |
||
| 250 | _a2rd ed | ||
| 260 |
_aLondon: _bMacmillan, _c2000. |
||
| 300 |
_axxv,560p.: _bill.; |
||
| 521 | _aIncludes References and Index. | ||
| 942 |
_2lcc _cBOOKS _hHF 5415.13 .B27 2000 |
||
| 999 |
_c14922 _d14922 |
||